Jugend (Record no. 1336)
[ view plain ]
| 000 -LEADER | |
|---|---|
| campo de control de longitud fija | 01111nas a2200313 i 4500 |
| 001 - NÚMERO DE CONTROL | |
| campo de control | 1336 |
| 003 - IDENTIFICADOR DE NÚMERO DE CONTROL | |
| campo de control | ES-MaACL |
| 005 - FECHA Y HORA DE LA ÚLTIMA TRANSACCIÓN | |
| campo de control | 20250822100005.0 |
| 008 - DATOS DE LONGITUD FIJA--INFORMACIÓN GENERAL | |
| campo de control de longitud fija | 950801d18961940gw w| p | 1 ||er d |
| 022 ## - NÚMERO INTERNACIONAL NORMALIZADO PARA PUBLICACIONES SERIADAS | |
| Número Internacional Normalizado para Publicaciones Seriadas | 9959-3270 |
| 080 ## - NÚMERO DE LA CLASIFICACIÓN DECIMAL UNIVERSAL | |
| Número de la Clasificación Decimal Universal | 82-7 |
| 080 ## - NÚMERO DE LA CLASIFICACIÓN DECIMAL UNIVERSAL | |
| Número de la Clasificación Decimal Universal | 7 |
| 245 00 - MENCIÓN DEL TÍTULO | |
| Título | Jugend |
| Resto del título | : Münchner illustrierte Wochenschrift für Kunst und Leben. |
| 246 3# - FORMA VARIANTE DEL TITULO | |
| Título propio/Titulo breve | Jugend (München) |
| 260 ## - PUBLICACIÓN, DISTRIBUCIÓN, ETC. | |
| Lugar de publicación, distribución, etc. | München : |
| Nombre del editor, distribuidor, etc. | G. Hirth's Verlag, |
| Fecha de publicación, distribución, etc. | [1896-1944] |
| 300 ## - DESCRIPCIÓN FÍSICA | |
| Extensión | 24 v. : |
| Otras características físicas | il. col. y n. ; |
| Dimensiones | 31 cm. |
| 310 ## - PERIODICIDAD ACTUAL | |
| Periodicidad actual | Semanal |
| 362 1# - FECHAS DE PUBLICACIÓN Y/O DESIGNACIÓN SECUENCIAL | |
| Fecha de publicación y/o designación secuencial | Comenzó en 1896. |
| 530 ## - NOTA DISPONIBLE DE FORMULARIO FÍSICO ADICIONAL | |
| Nota de formato físico adicional disponible | Disponible en formato digital. |
| 580 ## - NOTA DE RELACIÓN COMPLEJA | |
| Nota de relación compleja | En 1909 se publica un índice de ilustradores de la revista: Dreitausend Kunstblätter der Münchner "Jugend" |
| 650 17 - PUNTO DE ACCESO ADICIONAL DE MATERIA--TÉRMINO DE MATERIA | |
| Término de materia o nombre geográfico como elemento de entrada | Sátira |
| Fuente del encabezamiento o término | embne |
| 9 (RLIN) | 16997 |
| 650 17 - PUNTO DE ACCESO ADICIONAL DE MATERIA--TÉRMINO DE MATERIA | |
| Término de materia o nombre geográfico como elemento de entrada | Arte |
| Fuente del encabezamiento o término | embne |
| 9 (RLIN) | 10068 |
| 852 ## - LOCALIZACIÓN | |
| Ubicación | ES-MaACL |
| Número de control de estantería | Z-15 |
| Signatura antigua | Olim: Hem-153 |
| 856 ## - LOCALIZACIÓN Y ACCESO ELECTRÓNICOS | |
| Identificador Uniforme de Recursos | <a href="http://digi.ub.uni-heidelberg.de/diglit/jugend ">http://digi.ub.uni-heidelberg.de/diglit/jugend </a> |
| Nota pública | Heidelberg University Library |
| -- | - 1896-1940 |
| 856 ## - LOCALIZACIÓN Y ACCESO ELECTRÓNICOS | |
| Identificador Uniforme de Recursos | <a href="http://www.jugend-wochenschrift.de/index.php?id=24 ">http://www.jugend-wochenschrift.de/index.php?id=24 </a> |
| Nota pública | Jugend |
| -- | - Índices: 1896-1940 |
| 866 #0 - MENCIÓN TEXTUAL DE FONDOS--UNIDAD BIBLIOGRÁFICA BÁSICA | |
| Fondos | 1904-15. |
| 942 ## - ELEMENTOS DE ENTRADA SECUNDARIOS (KOHA) | |
| Fuente del sistema de clasificación o colocación | Clasificación decimal universal |
| Estatus retirado | Estado de pérdida | Fuente del sistema de clasificación o colocación | Estado de daño | No para préstamo | Colección | Biblioteca de origen | Biblioteca actual | Ubicación en estantería | Fecha de adquisición | Total de préstamos | Signatura topográfica completa | Código de barras | Visto por última vez | Precio de reemplazo | Tipo de ítem Koha |
|---|---|---|---|---|---|---|---|---|---|---|---|---|---|---|---|
| Clasificación decimal universal | Colección digital | Biblioteca del Ateneo de Madrid | Biblioteca del Ateneo de Madrid | Depósito Z | 17/01/2008 | Z-15 | 1001364 | 23/02/2023 | 23/02/2023 | Revista |
